O vymývaní mozgov a čistke medzi dramatikmi?

Bibliographic Details
Main Author: Maťašík, Andrej, 1953-2017 (Author)
Format: Article
Language:Slovak
Subjects:

MARC

LEADER 00000nab a2200000 a 4500
001 vtls000496345
003 SK-MaSNL
005 20260304234102.0
008 131029c1993 xo 0 slo
015 |a SNBRB19rr/mm-uuuuu 
035 |a CL0496483 
040 |a SNKBUCL  |b slo  |c SNKBUCL  |e AACR2 
041 0 |a slo 
044 |a xo  |c SK 
080 |a 792.2  |2 1981 
100 1 |a Maťašík, Andrej,  |d 1953-2017  |4 aut  |9 102086 
245 1 0 |a O vymývaní mozgov a čistke medzi dramatikmi?  |c Andrej Maťašík 
600 1 7 |a Mňačko, Ladislav,  |d 1919-1994  |t Čistka  |2 snkbucl  |9 453945 
610 2 7 |a Slovenské národné divadlo.  |b Činohra  |2 snkbucl  |9 32459 
650 0 7 |a divadelné inscenácie  |2 snkbucl  |9 3326 
650 0 7 |a činohry  |2 snkbucl  |9 3325 
655 7 |a recenzie  |2 snkbucl  |9 21907 
773 0 |t Slovenské pohľady  |g Roč. 4+109, č. 8 (1993), s. 137-138 
850 |a Slovenská národná knižnica v Martine  |a MTA001 
852 |a SNK  |b KIS3GCP 
999 |c 3202016  |d 3203946